[Event "XII Weekend B"]
[Site "Gorgonzola ITA"]
[Date "2007.11.17"]
[Round "4"]
[White "Riboldi, Raffaele"]
[Black "Santelli, Francesco"]
[Result "1-0"]
[WhiteElo "1884"]
[BlackElo "1860"]
[PlyCount "69"]
[EventDate "2007.11.10"]

1. d4 Nf6 2. c4 e5 3. dxe5 Ng4 4. Nf3 Bc5 5. e3 Nc6 6. Be2 Ngxe5 7. O-O O-O 8.
Nc3 Re8 9. b3 a5 10. Bb2 Nxf3+ 11. Bxf3 Ne5 12. Be2 Ra6 13. Nd5 Rd6 14. Qc2 c6
15. Nc3 Rh6 16. g3 d6 17. Na4 Ba7 18. c5 dxc5 19. Nxc5 Qe7 20. Rac1 Bb6 21. Qc3
f6 22. Rfd1 Bg4 23. Bxg4 Nxg4 24. Qc4+ Kh8 25. Qxg4 Bxc5 26. Rd7 Qf8 27. Rxc5
Rg6 28. Qd4 Rb8 29. Rxa5 Qc8 30. Ra7 h6 31. Raxb7 Kh7 32. Rxb8 Qxb8 33. Qe4 Qc8
34. Qe7 Qa6 35. Bxf6 1-0

[Event "XII Weekend B"]
[Site "Gorgonzola ITA"]
[Date "2007.11.17"]
[Round "4"]
[White "Santandrea, Marco"]
[Black "Agrifoglio, Fabio"]
[Result "1/2-1/2"]
[WhiteElo "1837"]
[BlackElo "1989"]
[PlyCount "71"]
[EventDate "2007.11.10"]

1. e4 g6 2. d4 d6 3. Nf3 c6 4. a4 Bg7 5. h3 Nf6 6. Nc3 O-O 7. Be3 Qa5 8. Bd3
Na6 9. O-O Nb4 10. Be2 Qc7 11. e5 dxe5 12. Nxe5 Nfd5 13. Nxd5 Nxd5 14. Nf3 Nxe3
15. fxe3 Bh6 16. e4 Bxh3 17. e5 Be6 18. b4 a5 19. bxa5 Rxa5 20. c4 Be3+ 21. Kh1
h5 22. Qd3 Bh6 23. Nh4 Kg7 24. Nxg6 Rd8 25. Bxh5 Rxe5 26. Nxe5 Qxe5 27. dxe5
Rxd3 28. a5 Bxc4 29. Be2 Rd4 30. Bxc4 Rxc4 31. g3 Rc5 32. Rfb1 Bd2 33. Rxb7
Bxa5 34. Rxe7 Bc3 35. Rf1 Bxe5 36. Rfxf7+ 1/2-1/2

[Event "XII Weekend B"]
[Site "Gorgonzola ITA"]
[Date "2007.11.17"]
[Round "4"]
[White "Scarabelli, Maurizio"]
[Black "Rossi, Giampiero"]
[Result "1-0"]
[WhiteElo "1902"]
[BlackElo "1991"]
[PlyCount "49"]
[EventDate "2007.11.10"]

1. e4 c5 2. Nf3 e6 3. d4 cxd4 4. Nxd4 a6 5. Bd3 Nc6 6. Nxc6 dxc6 7. Nd2 e5 8.
Qh5 Bd6 9. Nc4 Bc7 10. Bg5 Nf6 11. Qe2 h6 12. Bh4 Be6 13. Ne3 O-O 14. g4 g5 15.
Bg3 Qe7 16. a3 Rad8 17. h4 Rd4 18. Qf3 Rfd8 19. hxg5 hxg5 20. O-O-O Ne8 21. Nf5
Bxf5 22. Qxf5 f6 23. Rh6 Ng7 24. Qg6 Qf7 25. Rh8+ 1-0

[Event "XII Weekend B"]
[Site "Gorgonzola ITA"]
[Date "2007.11.17"]
[Round "4"]
[White "Villalba, Fernando"]
[Black "Bertazzoli, Giulio"]
[Result "1/2-1/2"]
[WhiteElo "1891"]
[BlackElo "1809"]
[PlyCount "84"]
[EventDate "2007.11.10"]

1. d4 Nf6 2. Nf3 g6 3. Bf4 Bg7 4. h3 d6 5. e3 O-O 6. Be2 Qe8 7. O-O Nbd7 8. c3
e5 9. Bh2 Qe7 10. Na3 c6 11. Nc4 Re8 12. dxe5 dxe5 13. Ncxe5 Nxe5 14. Nxe5 Ne4
15. Nf3 Bf5 16. Nd4 Bxh3 17. gxh3 Qg5+ 18. Kh1 Bxd4 19. cxd4 Qh4 20. Bf3 Nxf2+
21. Rxf2 Qxf2 22. Qe2 Qxe2 23. Bxe2 Rxe3 24. Bf1 Rd8 25. a4 Rb3 26. Be5 Re8 27.
Bc4 Rxb2 28. Rf1 Re7 29. Bf6 Rc7 30. Re1 Rc8 31. Re7 Rf8 32. Rd7 Rb4 33. Bf1
Re8 34. Bg2 Rb1+ 35. Kh2 Rb2 36. d5 Rf2 37. Bd4 Rd2 38. Bf6 cxd5 39. Rxb7 Rf2
40. Bd4 Rd2 41. Bf6 Rf2 42. Bd4 Rd2 1/2-1/2

[Event "XII Weekend B"]
[Site "Gorgonzola ITA"]
[Date "2007.11.18"]
[Round "5"]
[White "Acunzo, Domenico"]
[Black "Carbone, Lorenzo"]
[Result "1-0"]
[WhiteElo "1775"]
[BlackElo "1755"]
[PlyCount "39"]
[EventDate "2007.11.10"]

1. e4 c5 2. Nf3 d6 3. Be2 Nf6 4. c3 Nc6 5. d4 cxd4 6. cxd4 Nxe4 7. d5 Qa5+ 8.
Nc3 Nxc3 9. bxc3 Ne5 10. Nxe5 Qxc3+ 11. Bd2 Qxe5 12. O-O g6 13. Bb5+ Bd7 14.
Bxd7+ Kxd7 15. Qa4+ Kd8 16. Ba5+ b6 17. Bxb6+ axb6 18. Qxa8+ Kd7 19. Rac1 e6
20. Qb7+ 1-0

[Event "XII Weekend B"]
[Site "Gorgonzola ITA"]
[Date "2007.11.18"]
[Round "5"]
[White "Agrifoglio, Fabio"]
[Black "Olivo, Mario"]
[Result "1-0"]
[WhiteElo "1989"]
[BlackElo "1887"]
[PlyCount "75"]
[EventDate "2007.11.10"]

1. d4 Nf6 2. c4 e6 3. Nc3 b6 4. e4 Bb4 5. e5 Ne4 6. Qc2 Nxc3 7. bxc3 Be7 8. Qe4
c6 9. Qg4 Bf8 10. Bd3 g6 11. Nh3 d6 12. Bg5 Be7 13. Bxe7 Qxe7 14. O-O dxe5 15.
dxe5 Nd7 16. f4 Nc5 17. Bc2 Ba6 18. Rfd1 Rc8 19. Rd4 O-O 20. Rad1 Rfd8 21. Nf2
Rxd4 22. cxd4 Nd7 23. Bb3 Bb7 24. Qh3 b5 25. c5 a5 26. Ne4 a4 27. Bc2 Ra8 28.
Nd6 Ba6 29. Rb1 Kg7 30. a3 h5 31. Be4 Nb8 32. f5 exf5 33. Bxf5 Ra7 34. Be4 Qg5
35. Qf3 Qg4 36. Qf6+ Kh6 37. h4 Kh7 38. Ne8 1-0

[Event "XII Weekend B"]
[Site "Gorgonzola ITA"]
[Date "2007.11.18"]
[Round "5"]
[White "Altieri, Danilo Mario"]
[Black "Brunello, Roberta"]
[Result "1/2-1/2"]
[WhiteElo "1948"]
[BlackElo "1938"]
[PlyCount "149"]
[EventDate "2007.11.10"]

1. d4 d5 2. Nf3 Nf6 3. c3 c6 4. Qb3 Qc7 5. Bg5 Ne4 6. Bh4 Nd7 7. Nbd2 Nxd2 8.
Nxd2 e5 9. Bg3 Bd6 10. e3 O-O 11. Be2 Nf6 12. Nf3 e4 13. Ne5 Nd7 14. Nxd7 Bxd7
15. Bxd6 Qxd6 16. c4 dxc4 17. Bxc4 b5 18. Be2 c5 19. dxc5 Qxc5 20. O-O a6 21.
Rac1 Qg5 22. Rfd1 Be6 23. Qb4 f5 24. a3 Rae8 25. Qd6 f4 26. exf4 Rxf4 27. g3
Rf6 28. Qd2 Qf5 29. Qe3 Ref8 30. Rf1 Rh6 31. h4 Qh3 32. Qxe4 Rhf6 33. Qg2 Qf5
34. f4 Rd8 35. Rcd1 Qc5+ 36. Qf2 Qc7 37. Rxd8+ Qxd8 38. Rd1 Qe7 39. Qd4 Rf8 40.
Qe5 Re8 41. Bf3 Bb3 42. Qxe7 Rxe7 43. Rd2 Re1+ 44. Kf2 Rc1 45. Be4 Bc4 46. Kf3
h6 47. Bg6 Kf8 48. Kg4 Ke7 49. Bd3 Be6+ 50. f5 Bd7 51. a4 bxa4 52. Bxa6 g6 53.
Bd3 Rc5 54. Rf2 Kf6 55. Rf4 Rd5 56. Bc2 h5+ 57. Kf3 Bxf5 58. Bxa4 Rd3+ 59. Kg2
Ke5 60. Rf2 Rd4 61. Bc2 Bxc2 62. Rxc2 Rb4 63. Kf3 Rb3+ 64. Kf2 Kf5 65. Rc5+ Kf6
66. Rc2 Kf5 67. Kg2 Kg4 68. Rc4+ Kf5 69. Rf4+ Ke5 70. Rf2 Ke6 71. Kh3 Ke5 72.
Rc2 Kf5 73. Rc5+ Kf6 74. Rc6+ Kf5 75. Rc5+ 1/2-1/2

[Event "XII Weekend B"]
[Site "Gorgonzola ITA"]
[Date "2007.11.18"]
[Round "5"]
[White "Chinnici, Giorgio"]
[Black "Milanesi, Erminio"]
[Result "0-1"]
[WhiteElo "1770"]
[BlackElo "1867"]
[PlyCount "98"]
[EventDate "2007.11.10"]

1. e4 g6 2. d4 Nh6 3. Be3 f6 4. Bc4 e6 5. f3 Nf7 6. Nc3 Bg7 7. Nge2 O-O 8. Qd2
d6 9. Nf4 Qe7 10. d5 e5 11. Ne6 Re8 12. Nb5 Bxe6 13. dxe6 Ng5 14. Bxg5 fxg5 15.
Nc3 c6 16. Rd1 Rd8 17. Qd3 a5 18. O-O Na6 19. Qe3 b5 20. Bd5 cxd5 21. exd5 Rab8
22. a3 Rb7 23. Ne4 h6 24. Qe2 Nc5 25. c3 Nb3 26. Qc2 a4 27. Nf2 Kh7 28. Nd3 Rc8
29. Nb4 Qc7 30. Nc6 Na5 31. Nb4 Nc4 32. Rfe1 Na5 33. Qe4 Bf6 34. g3 Qb6+ 35.
Kg2 Kg7 36. f4 Rc4 37. Qe3 gxf4 38. gxf4 Rxf4 39. Qxb6 Rxb6 40. Nd3 Rf5 41. Re4
Nc4 42. Nb4 Nxb2 43. Rb1 Nc4 44. Nc6 Nd2 45. Reb4 Nxb1 46. Rxb1 e4 47. c4 b4
48. e7 Kf7 49. c5 dxc5 0-1

[Event "XII Weekend B"]
[Site "Gorgonzola ITA"]
[Date "2007.11.18"]
[Round "5"]
[White "Crippa, Mario"]
[Black "Santandrea, Marco"]
[Result "1/2-1/2"]
[WhiteElo "1901"]
[BlackElo "1837"]
[PlyCount "103"]
[EventDate "2007.11.10"]

1. e4 c6 2. d4 d5 3. exd5 cxd5 4. c4 Nf6 5. Nc3 Nc6 6. Nf3 Bg4 7. Be3 e6 8. c5
Be7 9. Bb5 O-O 10. Bxc6 bxc6 11. O-O a5 12. h3 Bxf3 13. Qxf3 a4 14. Rab1 Qa5
15. Bd2 Qa6 16. Qd1 Rfb8 17. Be3 Qc4 18. Qd2 Bd8 19. Qe2 Qxe2 20. Nxe2 Rb4 21.
Bf4 Ne8 22. Bd2 Rb7 23. Bc3 Rab8 24. Nc1 Nc7 25. Nd3 Nb5 26. Rbc1 Bg5 27. Rc2
Bf6 28. Nb4 Nxc3 29. bxc3 Rc8 30. f4 Bxd4+ 31. cxd4 Rxb4 32. Rd2 Rcb8 33. Rf3
Rb2 34. Rfd3 a3 35. Kf2 Rxd2+ 36. Rxd2 Kf8 37. Ke3 Rb2 38. Kd3 Rb7 39. Rc2 Ke7
40. g4 Kd7 41. Rc3 Ra7 42. Rb3 Kc7 43. Kc3 h6 44. h4 g6 45. g5 h5 46. Kb4 Rb7+
47. Kxa3 Ra7+ 48. Kb2 Ra4 49. Rd3 Rb4+ 50. Kc2 Rc4+ 51. Kd2 Ra4 52. a3 1/2-1/2

[Event "XII Weekend B"]
[Site "Gorgonzola ITA"]
[Date "2007.11.18"]
[Round "5"]
[White "De La Pena, Elmer"]
[Black "Giallombardo, Federico"]
[Result "0-1"]
[WhiteElo "1919"]
[BlackElo "1544"]
[PlyCount "76"]
[EventDate "2007.11.10"]

1. d4 d5 2. Nf3 Nf6 3. c4 e6 4. g3 Be7 5. Bg5 Nbd7 6. Bg2 c6 7. O-O Ne4 8. Bxe7
Qxe7 9. Nbd2 Ndf6 10. Qb3 a5 11. cxd5 exd5 12. Rfd1 O-O 13. Ne5 a4 14. Qc2 Bf5
15. Qc1 h6 16. f3 Nd6 17. Qc5 Qc7 18. Re1 Ra5 19. Qc1 Qb6 20. e3 Rb5 21. b3 Ra8
22. Kh1 Bh7 23. Bf1 Rba5 24. b4 Qxb4 25. e4 Qxd4 26. Nxc6 bxc6 27. e5 Nfe4 28.
exd6 Nf2+ 29. Kg2 Rc5 30. d7 Bf5 31. Re8+ Kh7 32. Qb1 Bxb1 33. Rxa8 Qxd2 34.
Rxb1 f5 35. Re8 Ne4+ 36. Kh1 Rc2 37. Rh8+ Kg6 38. Rxh6+ gxh6 0-1

[Event "XII Weekend B"]
[Site "Gorgonzola ITA"]
[Date "2007.11.18"]
[Round "5"]
[White "Delledonne, Francesco"]
[Black "Bisignano, Giuseppe"]
[Result "1-0"]
[WhiteElo "1837"]
[BlackElo "1980"]
[PlyCount "99"]
[EventDate "2007.11.10"]

1. Nf3 Nf6 2. c4 g6 3. Nc3 Bg7 4. e4 d6 5. d4 O-O 6. Be2 e5 7. d5 Nbd7 8. Be3
Nc5 9. Nd2 a5 10. O-O Bd7 11. f3 Nh5 12. Nb3 b6 13. Nxc5 bxc5 14. Qd2 Rb8 15.
Nb5 Nf4 16. Bxf4 exf4 17. Qxf4 Bxb2 18. Rab1 Be5 19. Qd2 c6 20. f4 Bg7 21. Nxd6
Bd4+ 22. Kh1 cxd5 23. cxd5 Rb4 24. Rxb4 axb4 25. Nb5 Bxb5 26. Bxb5 Qa5 27. Bc4
Qa3 28. Qd3 Rb8 29. Rb1 Ra8 30. Qxa3 bxa3 31. Rb7 Ra4 32. Bb3 Rb4 33. Rxb4 cxb4
34. g3 f6 35. Kg2 Kf8 36. Kf3 Ke7 37. Ke2 Kd6 38. h3 g5 39. Kf3 h5 40. g4 hxg4+
41. Kxg4 gxf4 42. Kxf4 Ke7 43. Kg4 Be5 44. h4 Bd6 45. Kf5 Kf7 46. h5 Bf8 47.
d6+ Ke8 48. Kxf6 Bxd6 49. h6 Kf8 50. h7 1-0

[Event "XII Weekend B"]
[Site "Gorgonzola ITA"]
[Date "2007.11.18"]
[Round "5"]
[White "Fuccio, Sergio"]
[Black "Perrotta, Leopoldo"]
[Result "1/2-1/2"]
[WhiteElo "1778"]
[BlackElo "1877"]
[PlyCount "64"]
[EventDate "2007.11.10"]

1. Nf3 c5 2. b3 Nc6 3. Bb2 d5 4. e3 e6 5. c4 Nf6 6. Be2 Be7 7. O-O O-O 8. d4 b6
9. Nc3 Bb7 10. Re1 dxc4 11. bxc4 a6 12. d5 exd5 13. cxd5 Nb4 14. e4 a5 15. a3
Na6 16. Qc2 Re8 17. Red1 Bd6 18. Bb5 Re7 19. Re1 Ng4 20. g3 Rc8 21. Na4 f6 22.
Qe2 Nc7 23. Bc4 b5 24. Bxb5 Nxb5 25. Qxb5 Rb8 26. Qc4 Ba8 27. Qc2 Reb7 28. Rab1
Qc7 29. Bc3 Rxb1 30. Rxb1 Rxb1+ 31. Qxb1 c4 32. Qb2 Kf7 1/2-1/2

[Event "XII Weekend B"]
[Site "Gorgonzola ITA"]
[Date "2007.11.18"]
[Round "5"]
[White "Guerra, Efrain"]
[Black "Calvi, Gianluca"]
[Result "1-0"]
[WhiteElo "1900"]
[BlackElo "1901"]
[PlyCount "69"]
[EventDate "2007.11.10"]

1. Nf3 Nf6 2. c4 c5 3. g3 g6 4. Bg2 Bg7 5. d4 cxd4 6. Nxd4 Nc6 7. Nc3 O-O 8.
O-O a6 9. Nb3 d6 10. e4 Bd7 11. Be3 Ng4 12. Bg5 h6 13. Bf4 g5 14. Bd2 f5 15.
exf5 Bxf5 16. h3 Nge5 17. f4 Nxc4 18. Bd5+ Kh8 19. Bxc4 Bxh3 20. Qh5 Bxf1 21.
Rxf1 Qb6+ 22. Kg2 Nd4 23. Be3 e5 24. f5 Qd8 25. Qg4 Rc8 26. Bd5 Nxb3 27. axb3
Rxc3 28. bxc3 Qa5 29. c4 Qa2+ 30. Rf2 Qxb3 31. Bxg5 Kh7 32. Qh5 Rxf5 33. Rxf5
Qc2+ 34. Rf2 Qg6 35. Bg8+ 1-0

[Event "XII Weekend B"]
[Site "Gorgonzola ITA"]
[Date "2007.11.18"]
[Round "5"]
[White "Maccarini, Luca Nicola"]
[Black "Ciciotti, Augusto"]
[Result "1-0"]
[WhiteElo "1884"]
[BlackElo "1877"]
[PlyCount "139"]
[EventDate "2007.11.10"]

1. d4 Nf6 2. Nf3 g6 3. c4 Bg7 4. Nc3 O-O 5. e4 d6 6. h3 c5 7. d5 e6 8. Be2 Re8
9. O-O Na6 10. Bg5 Nc7 11. Qd2 Qd7 12. Rfe1 a6 13. a4 Rb8 14. a5 b5 15. axb6
Rxb6 16. Rab1 Bb7 17. e5 dxe5 18. Nxe5 Qd6 19. Bf4 Qf8 20. Nxg6 fxg6 21. Bxc7
Bh6 22. Qd3 Rb4 23. Ba5 exd5 24. Bxb4 cxb4 25. Nxd5 Nxd5 26. cxd5 Qc5 27. Bf3
Rd8 28. Rbd1 Bg7 29. Re2 a5 30. d6 Bxf3 31. Qxf3 Bd4 32. Red2 Rxd6 33. Qg4 h5
34. Qe4 Bxf2+ 35. Kf1 Bg3 36. Qf3 Rxd2 37. Rxd2 Qe5 38. Qd5+ Qxd5 39. Rxd5 a4
40. Rg5 Bf4 41. Rxg6+ Kf7 42. Ra6 a3 43. bxa3 bxa3 44. Rxa3 Kg6 45. Ra5 Bd2 46.
Rb5 Be3 47. Ke2 Bd4 48. Kf3 Bc3 49. g4 hxg4+ 50. Kxg4 Bd4 51. Ra5 Bc3 52. Ra6+
Kh7 53. Kf5 Bd4 54. Rg6 Bf2 55. Rg4 Be1 56. Kf6 Bc3+ 57. Kf7 Kh6 58. Ke6 Kh5
59. Kf5 Bb2 60. Rb4 Bc3 61. Rb8 Kh6 62. Rb7 Bd4 63. h4 Bc3 64. h5 Bd4 65. Kg4
Bc3 66. Rb6+ Kh7 67. h6 Bd4 68. Rc6 Be3 69. Kh5 Bf4 70. Rb6 1-0

[Event "XII Weekend B"]
[Site "Gorgonzola ITA"]
[Date "2007.11.18"]
[Round "5"]
[White "Murli, Almerico"]
[Black "Coladangelo, Andrea"]
[Result "0-1"]
[WhiteElo "1851"]
[BlackElo "1809"]
[PlyCount "122"]
[EventDate "2007.11.10"]

1. e4 c5 2. Nf3 d6 3. d4 cxd4 4. Nxd4 Nf6 5. Nc3 a6 6. Bc4 e6 7. Bb3 Be7 8. O-O
O-O 9. Be3 b5 10. a3 Bd7 11. f3 Nc6 12. Nxc6 Bxc6 13. Qe2 Qc7 14. Rfd1 Nd7 15.
Bd4 Bf6 16. Qf2 Rfd8 17. Bxf6 Nxf6 18. Rd2 Nd7 19. Rad1 Nb6 20. Qg3 e5 21. Qf2
Nc4 22. Bxc4 bxc4 23. Nd5 Bxd5 24. Rxd5 Rab8 25. c3 Qb6 26. Qxb6 Rxb6 27. Rc5
Kf8 28. Rxc4 Rxb2 29. Rc6 Rb3 30. Rxa6 Rxc3 31. a4 Ke7 32. a5 Ra3 33. Rd5 Ke6
34. Rb6 f5 35. a6 fxe4 36. fxe4 Ra4 37. Rd2 Rd7 38. Kf2 Rxe4 39. Ra2 Ra7 40.
Kf3 Rd4 41. Ra3 h5 42. Ke3 Kd7 43. Rb8 Ke6 44. Ra5 Rc4 45. Kd3 Rc6 46. Rh8 g6
47. Re8+ Kf7 48. Rd8 Raxa6 49. Rxa6 Rxa6 50. Ke4 Ke7 51. Rg8 Ra4+ 52. Ke3 Kf6
53. Rf8+ Ke6 54. Rg8 Rg4 55. g3 d5 56. Re8+ Kf6 57. Rd8 d4+ 58. Kd3 h4 59. gxh4
Rxh4 60. Rd6+ Kf5 61. Rd8 Rxh2 0-1

[Event "XII Weekend B"]
[Site "Gorgonzola ITA"]
[Date "2007.11.18"]
[Round "5"]
[White "Ragoso, Mario"]
[Black "Primerano, Carlo"]
[Result "1-0"]
[WhiteElo "1877"]
[BlackElo "1761"]
[PlyCount "186"]
[EventDate "2007.11.10"]

1. Nf3 Nf6 2. c4 e6 3. d4 b6 4. g3 Ba6 5. b3 Bb4+ 6. Bd2 Be7 7. Bg2 Bb7 8. O-O
O-O 9. Nc3 d6 10. Qc2 Nbd7 11. e4 e5 12. Nd5 Nxd5 13. exd5 f5 14. dxe5 dxe5 15.
Bc3 Bd6 16. Rae1 Qf6 17. Qb2 Rae8 18. Re2 Rf7 19. Rfe1 Rfe7 20. h4 h6 21. h5
Qf7 22. Nxe5 Nxe5 23. Bxe5 Qxh5 24. Qc3 Bc8 25. Bf3 Qg5 26. Bxd6 Rxe2 27. Rxe2
Rxe2 28. Bxe2 cxd6 29. f4 Qe7 30. Kf2 Kf7 31. Bh5+ g6 32. Qh8 gxh5 33. Qxc8 Qf6
34. Qe6+ Qxe6 35. dxe6+ Kxe6 36. Ke3 d5 37. Kd4 dxc4 38. Kxc4 a6 39. b4 Kd6 40.
a4 Kc6 41. Kd4 Kd6 42. Kc4 Kc6 43. Kd4 b5 44. axb5+ Kxb5 45. Ke5 Kxb4 46. Kxf5
a5 47. Kg6 a4 48. f5 a3 49. f6 a2 50. f7 a1=Q 51. f8=Q+ Kc4 52. Qf4+ Kd5 53.
Kxh5 Qh1+ 54. Kg6 Qh2 55. Qf5+ Kd4 56. g4 Qh3 57. Qh5 Qd3+ 58. Kxh6 Qe3+ 59. g5
Qf4 60. Qg6 Kd5 61. Kg7 Kc5 62. Qf6 Qc7+ 63. Kg8 Kb5 64. g6 Qc8+ 65. Kf7 Qd7+
66. Qe7 Qd5+ 67. Kf8 Qf5+ 68. Qf7 Qc5+ 69. Kg8 Qc8+ 70. Kg7 Qc3+ 71. Kh6 Qh3+
72. Kg5 Qg3+ 73. Kf5 Qd3+ 74. Ke5 Qc3+ 75. Kd6 Qc6+ 76. Ke7 Qe4+ 77. Kf8 Qb4+
78. Kg8 Ka4 79. g7 Qb8+ 80. Kh7 Qh2+ 81. Kg6 Qg3+ 82. Kh6 Qh3+ 83. Qh5 Qe6+ 84.
Kh7 Qe4+ 85. Kh8 Qd4 86. Qf7 Kb4 87. Qe7+ Ka5 88. Kg8 Qc4+ 89. Kf8 Qf4+ 90. Ke8
Qa4+ 91. Kd8 Qd4+ 92. Kc8 Qg4+ 93. Kb8 Qb4+ 1-0

[Event "XII Weekend B"]
[Site "Gorgonzola ITA"]
[Date "2007.11.18"]
[Round "5"]
[White "Riboldi, Raffaele"]
[Black "Quagliarella, Sabino Remo"]
[Result "0-1"]
[WhiteElo "1884"]
[BlackElo "1950"]
[PlyCount "50"]
[EventDate "2007.11.10"]

1. d4 Nf6 2. c4 c5 3. d5 b5 4. Nf3 d6 5. Qc2 bxc4 6. e4 Ba6 7. Bxc4 Bxc4 8.
Qxc4 Qa5+ 9. Bd2 Qa6 10. Qxa6 Nxa6 11. Nc3 g6 12. O-O Bg7 13. Rfe1 Nb4 14. Re2
O-O 15. Ne1 Nd7 16. a3 Na6 17. f4 Rab8 18. Be3 Rb3 19. Rc2 Rfb8 20. Ra2 Nb6 21.
Nd3 Nc4 22. Bf2 Nxb2 23. Raxb2 Bxc3 24. Ra2 Rb1+ 25. Nc1 Bd2 0-1

[Event "XII Weekend B"]
[Site "Gorgonzola ITA"]
[Date "2007.11.18"]
[Round "5"]
[White "Rossi, Giampiero"]
[Black "Arboscelli, Gregorio"]
[Result "1-0"]
[WhiteElo "1991"]
[BlackElo "1913"]
[PlyCount "63"]
[EventDate "2007.11.10"]

1. d4 Nf6 2. c4 c5 3. dxc5 Na6 4. Nc3 Nxc5 5. f3 d6 6. e4 g6 7. Be3 Bd7 8. Rc1
Bg7 9. Nge2 O-O 10. Nd4 b6 11. Be2 Rc8 12. Qd2 Ne6 13. O-O Nxd4 14. Bxd4 Be6
15. b3 Nh5 16. Bxg7 Nxg7 17. Rfd1 Qc7 18. Nd5 Qb7 19. Bf1 Rfd8 20. g3 Rd7 21.
Bg2 Ne8 22. f4 Bxd5 23. cxd5 Rxc1 24. Rxc1 Rd8 25. Rc3 Rc8 26. Qc2 Rxc3 27.
Qxc3 Nf6 28. h3 h5 29. Qd4 Kf8 30. Kh2 Ke8 31. e5 Ng8 32. e6 {...} 1-0

[Event "XII Weekend B"]
[Site "Gorgonzola ITA"]
[Date "2007.11.18"]
[Round "5"]
[White "Santelli, Francesco"]
[Black "Bertazzoli, Giulio"]
[Result "0-1"]
[WhiteElo "1860"]
[BlackElo "1809"]
[PlyCount "100"]
[EventDate "2007.11.10"]

1. e4 c6 2. d4 d5 3. Nc3 dxe4 4. Nxe4 Nf6 5. Nxf6+ exf6 6. Be3 Bd6 7. Nf3 Bf5
8. Be2 O-O 9. Qd2 Qc7 10. O-O Bg4 11. h3 Bh5 12. c4 c5 13. d5 Nd7 14. Rac1 f5
15. Qc2 Bg6 16. Nh4 f4 17. Nxg6 fxg6 18. Bd2 Ne5 19. f3 Rae8 20. Rfe1 Nd7 21.
Bd3 Nf6 22. Qa4 b6 23. Rxe8 Rxe8 24. Re1 Rxe1+ 25. Bxe1 Qe7 26. Qd1 Be5 27. Qd2
Bxb2 28. Bf2 Be5 29. Qe2 Kf7 30. Kf1 Bd6 31. Be4 Ne8 32. Be1 Be5 33. Bf2 Nd6
34. a4 Bc3 35. Qd3 Qe5 36. Qe2 Kf6 37. Bh4+ g5 38. Bf2 Bb4 39. Kg1 Qa1+ 40. Kh2
Qe5 41. h4 g4 42. Kh1 g3 43. Be1 Qh5 44. Qb2+ Kf7 45. Bxb4 Qxh4+ 46. Kg1 Qh2+
47. Kf1 Qh1+ 48. Ke2 Qxg2+ 49. Kd3 Qxb2 50. Bc3 Qf2 0-1

[Event "XII Weekend B"]
[Site "Gorgonzola ITA"]
[Date "2007.11.18"]
[Round "5"]
[White "Savarese, Vincenzo"]
[Black "Villalba, Fernando"]
[Result "1-0"]
[WhiteElo "1859"]
[BlackElo "1891"]
[PlyCount "51"]
[EventDate "2007.11.10"]

1. e4 d5 2. exd5 Qxd5 3. Nc3 Qa5 4. d4 c6 5. Nf3 Bg4 6. Bc4 e6 7. O-O Be7 8. h3
Bh5 9. Re1 Nf6 10. Re5 Qd8 11. Bg5 Bg6 12. Nh4 Nbd7 13. Re1 O-O 14. Nxg6 hxg6
15. Qe2 Bb4 16. Rad1 Nb6 17. Bb3 Nbd5 18. Nxd5 Bxe1 19. Nxf6+ gxf6 20. Bh6
Bxf2+ 21. Qxf2 Re8 22. c4 Qe7 23. Bc2 Rad8 24. Qg3 Qd6 25. Qg4 Qe7 26. h4 {...}
1-0

[Event "XII Weekend B"]
[Site "Gorgonzola ITA"]
[Date "2007.11.18"]
[Round "5"]
[White "Virzi, Ettore"]
[Black "Scarabelli, Maurizio"]
[Result "1-0"]
[WhiteElo "1956"]
[BlackElo "1902"]
[PlyCount "67"]
[EventDate "2007.11.10"]

1. e4 c5 2. Nf3 e6 3. d4 cxd4 4. Nxd4 a6 5. Nc3 Qc7 6. Bd3 Nf6 7. Qe2 d6 8. O-O
Be7 9. f4 Nbd7 10. Kh1 b6 11. Bd2 Bb7 12. Rae1 Nc5 13. b4 Nxd3 14. cxd3 Qd7 15.
a4 Rc8 16. Rc1 h5 17. Nf3 h4 18. e5 Nh5 19. Ne4 h3 20. gxh3 dxe5 21. fxe5 Qd5
22. Rxc8+ Bxc8 23. Kg1 Bb7 24. Nc3 Qd8 25. Ne4 Qd7 26. Nfg5 Bxg5 27. Nd6+ Qxd6
28. exd6 Bf6 29. Be3 Ng3 30. hxg3 Rxh3 31. Rf3 g5 32. Rxf6 Rh1+ 33. Kf2 Rh2+
34. Ke1 1-0

[Event "XII Weekend B"]
[Site "Gorgonzola ITA"]
[Date "2007.11.18"]
[Round "6"]
[White "Arboscelli, Gregorio"]
[Black "Savarese, Vincenzo"]
[Result "1-0"]
[WhiteElo "1913"]
[BlackElo "1859"]
[PlyCount "81"]
[EventDate "2007.11.10"]

1. d4 d5 2. c4 dxc4 3. Nf3 a6 4. a4 Nc6 5. e3 Na5 6. Nbd2 e6 7. Nxc4 Nxc4 8.
Bxc4 Nf6 9. O-O Bd6 10. Qe2 Qe7 11. e4 e5 12. Bg5 O-O 13. h3 Re8 14. Rfe1 Bd7
15. dxe5 Bxe5 16. Rad1 Rad8 17. Rd5 Bf4 18. Bxf4 Nxd5 19. Bxd5 Be6 20. Bxb7 Qc5
21. Qxa6 Bc4 22. Qc6 Qb4 23. Bxc7 Re6 24. Bxd8 Rxc6 25. Bxc6 Qd6 26. Bd5 Bxd5
27. exd5 Qxd8 28. d6 f6 29. Rd1 Kf7 30. b4 Qd7 31. b5 Ke8 32. Rd4 Kd8 33. b6
Kc8 34. Nd2 Kb7 35. a5 Ka6 36. Nc4 Qa4 37. Kh2 Qd7 38. Rd2 h5 39. Rb2 Kb7 40.
a6+ Kb8 41. a7+ 1-0

[Event "XII Weekend B"]
[Site "Gorgonzola ITA"]
[Date "2007.11.18"]
[Round "6"]
[White "Bertazzoli, Giulio"]
[Black "Perrotta, Leopoldo"]
[Result "1/2-1/2"]
[WhiteElo "1809"]
[BlackElo "1877"]
[PlyCount "21"]
[EventDate "2007.11.10"]

1. d4 d5 2. c4 c6 3. Nf3 Nf6 4. e3 Bf5 5. Nc3 e6 6. cxd5 exd5 7. Bd3 Bxd3 8.
Qxd3 Bd6 9. O-O O-O 10. Re1 Nbd7 11. Qf5 1/2-1/2

[Event "XII Weekend B"]
[Site "Gorgonzola ITA"]
[Date "2007.11.18"]
[Round "6"]
[White "Bisignano, Giuseppe"]
[Black "Riboldi, Raffaele"]
[Result "0-1"]
[WhiteElo "1980"]
[BlackElo "1884"]
[PlyCount "186"]
[EventDate "2007.11.10"]

1. e4 e6 2. d4 d5 3. Nc3 Bb4 4. e5 c5 5. a3 Bxc3+ 6. bxc3 Ne7 7. Qg4 Qc7 8. Bd2
cxd4 9. cxd4 Qxc2 10. Bb5+ Bd7 11. Bxd7+ Nxd7 12. Ne2 Qg6 13. Qh3 Nc6 14. O-O
O-O 15. Rab1 Nb6 16. Rb3 Nc4 17. Rg3 Qf5 18. Qh6 g6 19. Rh3 g5 20. Rg3 f6 21.
exf6 Qxf6 22. Rxg5+ Kh8 23. Rh5 Qxh6 24. Bxh6 Rf6 25. Bg5 Rf7 26. Rh6 Re8 27.
Nf4 Nxd4 28. Bf6+ Kg8 29. Re1 Nf5 30. Bg5 Nxh6 31. Bxh6 Rd7 32. Rc1 b5 33. Rc3
e5 34. Rg3+ Kh8 35. Nh5 Re6 36. Rf3 Rd8 37. Bg5 Rc8 38. Rf7 Nd6 39. Rxa7 Ne4
40. h4 h6 41. Be3 d4 42. f3 Nd6 43. Bd2 Nc4 44. Bb4 Ne3 45. Be7 Nd5 46. Bb4
Nxb4 47. axb4 e4 48. fxe4 Rf8 49. Ng3 Rd8 50. Kf2 d3 51. Ra1 Rc6 52. Nf5 Rc2+
53. Kf3 d2 54. Rd1 Kh7 55. Ke2 Rb2 56. Ng3 Kg6 57. Nf1 Rxb4 58. Nxd2 Rbd4 59.
g4 b4 60. h5+ Kf6 61. Rf1+ Ke6 62. Nb3 Rxe4+ 63. Kf3 Re5 64. Rb1 Rd3+ 65. Kf4
Kd5 66. Nc1 Rd4+ 67. Kf3 Re1 68. Kf2 Rdd1 69. Rxb4 Rxc1 70. Rb6 Re6 71. Rb5+
Rc5 72. Rb3 Ke5 73. Kg3 Kf6 74. Kh4 Rce5 75. Rf3+ Kg7 76. Rf4 Rf6 77. Rb4 Re1
78. Rb7+ Rf7 79. Rb6 Rf3 80. Rb7+ Kf6 81. Rb6+ Re6 82. Rb8 Ke5 83. Rb4 Rd6 84.
Rb5+ Kf4 85. Rb4+ Ke3 86. Rb3+ Kf2 87. Rb2+ Ke1 88. Rb1+ Kf2 89. Rb2+ Kg1 90.
Rb1+ Kg2 91. Rb2+ Rf2 92. Rb3 Rdf6 93. Rc3 R6f3 0-1

[Event "XII Weekend B"]
[Site "Gorgonzola ITA"]
[Date "2007.11.18"]
[Round "6"]
[White "Brunello, Roberta"]
[Black "Delledonne, Francesco"]
[Result "0-1"]
[WhiteElo "1938"]
[BlackElo "1837"]
[PlyCount "98"]
[EventDate "2007.11.10"]

1. e4 e5 2. Nf3 Nf6 3. Nxe5 d6 4. Nf3 Nxe4 5. Nc3 Nxc3 6. dxc3 Be7 7. Bd3 Bg4
8. Bf4 O-O 9. h3 Be6 10. Nd4 Nc6 11. Nxe6 fxe6 12. Qg4 e5 13. Bh6 Rf7 14. Bc4
d5 15. O-O-O Qc8 16. Bxd5 Qxg4 17. hxg4 gxh6 18. Bxf7+ Kxf7 19. Kb1 Kg6 20. Rh3
Rf8 21. f3 Nd8 22. Rd5 Bd6 23. c4 b6 24. c3 Ne6 25. Rh1 Nf4 26. Rd2 a5 27. b3
Ne6 28. Kb2 Rf4 29. a3 e4 30. Re1 Ng5 31. fxe4 Nxe4 32. Rde2 Ng5 33. Rd1 Rxg4
34. Rd4 Rf4 35. Rxf4 Bxf4 36. b4 a4 37. c5 bxc5 38. bxc5 Kf5 39. Re8 Kg4 40.
Ra8 Kg3 41. Rxa4 Be3 42. Ra6 h5 43. a4 Bxc5 44. Rc6 Bb6 45. c4 Ne4 46. Rh6 h4
47. Rxh7 Bf2 48. Rg7+ Kh2 49. a5 Bd4+ 0-1